Eileen Peng

Oxford C


Categories

Social Science0500507995.2002
Mythology0400405778.2513
Literature - European Literature03003087107.3302
Science - Chemistry020020111115.5001
Other0200206775.5011
Philosophy0200207093.5001
History - American History02002097116.5001
Fine Arts - Painting & Sculpture021015105112.5000
History - European History0210155493.0000
Science - Biology0210158797.5000
Fine Arts - Classical Music010110129129.0000
History - Other History010010136136.0000
Literature - American Literature010110155155.0000
Fine Arts - Other Fine Arts01105122122.0001
Literature - British Literature0010-50.0000

Buzzes

History - European Historyhats1054
MythologyVenus1057
OtherSìchuān1067
MythologySeven Against Thebes1068
PhilosophyLegalism1070
Science - Biologysperm cells-572
Social Sciencecommon law1079
Otherstargazing1084
Mythologyemperors of China1086
Science - Biologyhypertension1087